000
00322 a2200121 4500
001
147086
040
_c
Escola São Tomás de Aquino
100
_a
MACHADO, Ana Maria
240
1
0
_a
O gato Massamê e aquilo que ele vê
_l
por
245
1
0
_a
O gato Massamê e aquilo que ele vê
697
_a
*LITERATURA INFANTO
942
_c
BK
999
_c
147086
_d
147086